Top 100 Girls' Names 2017 (Australia) - Statistics

General Stats
  • This quiz has been taken 553 times
    528 since last reset
  • The average score is 46 of 100
Answer Stats
Rank Hint Answer % Correct
2 O Olivia
92%
25 I Isabelle
86%
1 C Charlotte
84%
4 A Ava
83%
30 E Emma
82%
16 Z Zoe
82%
10 E Emily
81%
8 C Chloe
78%
3 M Mia
77%
5 A Amelia
76%
74 E Eliza
76%
14 E Ella
76%
9 G Grace
76%
15 I Isabella
76%
13 L Lily
76%
56 S Sarah
76%
7 S Sophia
73%
63 A Anna
72%
93 E Eve
71%
12 S Sophie
71%
49 E Elizabeth
70%
32 H Hannah
70%
6 I Isla
70%
33 E Eva
69%
31 Z Zara
66%
23 L Lucy
64%
27 W Willow
61%
86 V Victoria
60%
42 E Ellie
59%
19 E Evelyn
59%
20 I Ivy
59%
26 M Maddison
58%
28 G Georgia
57%
17 R Ruby
57%
11 E Evie
55%
54 P Penelope
55%
38 V Violet
55%
39 A Alice
54%
76 R Rose
53%
36 A Abigail
52%
18 H Harper
52%
91 M Molly
52%
70 B Bella
51%
75 J Jessica
51%
52 P Poppy
50%
29 A Aria
49%
51 M Maya
46%
22 S Scarlett
45%
43 A Annabelle
44%
98 A Alexandra
43%
45 I Imogen
43%
24 S Sienna
43%
35 L Layla
41%
53 P Phoebe
41%
57 E Eleanor
40%
87 H Holly
40%
34 M Mila
39%
79 D Daisy
37%
72 L Lola
37%
48 M Madeleine
37%
44 S Stella
37%
81 O Olive
36%
80 A Ariana
35%
41 S Savannah
35%
46 J Jasmine
34%
90 Q Quinn
34%
50 A Alexis
33%
65 C Claire
33%
64 H Harriet
33%
21 M Matilda
33%
73 E Elsie
32%
58 H Hazel
31%
83 A Alyssa
29%
62 A Addison
28%
37 A Audrey
28%
97 F Florence
28%
71 P Paige
27%
59 S Summer
27%
92 H Heidi
25%
100 S Sadie
25%
95 L Lara
24%
40 P Piper
22%
60 E Emilia
21%
77 A Aurora
20%
89 C Charlie
20%
78 E Eden
20%
99 B Brooklyn
18%
68 E Eloise
18%
84 H Hayley
18%
88 A Aaliyah
17%
47 M Mackenzie
17%
96 P Peyton
17%
85 T Thea
15%
82 B Bonnie
13%
69 A Ayla
12%
94 A Aisha
11%
67 B Billie
11%
61 C Chelsea
11%
55 F Frankie
11%
66 I Indiana
10%
No matching quizzes found
Score Distribution
Percent of People with Each Score
Percentile by Number Answered
Your Score History
You have not taken this quiz since the last reset